Language Quiz

Random Language or Spanish Quiz

Words of Many Words Quiz Stats

 Plays Quiz Updated Dec 3, 2015

Also try: Babelfish Movies
Challenge
Share
Tweet
Embed
Score 0/40 Timer 07:00
1 Play Today
% Correct
two
95.5%
one
95.5%
water
95.2%
color
95.2%
house
95.2%
five
94.7%
winter
94.6%
Christmas
94.5%
four
94.4%
night
94%
three
93.4%
summer
93.4%
car
93.3%
many
93.3%
brother
92.9%
plan
92.7%
small
92.7%
man
91.7%
money
91.5%
eye
90.6%
% Correct
soldier
90.6%
arm
90.3%
girl
90.1%
boy
89.9%
sister
89.4%
all
88.7%
head
88.1%
word
87.3%
tree
86.4%
woman
86.3%
earth
85.4%
fear
83.9%
body
83.6%
hair
80.7%
paint
79.5%
country
74.5%
food
70.3%
few
70%
pain
66.5%
weapon
64.7%

You're not logged in!

Compare scores with friends on all Sporcle quizzes.
Join for Free
OR
Log In

You Might Also Like...

Show Comments

Extras

Top Quizzes Today


Score Distribution

Your Account Isn't Verified!

In order to create a playlist on Sporcle, you need to verify the email address you used during registration. Go to your Sporcle Settings to finish the process.

Report this User

Report this user for behavior that violates our Community Guidelines.

Details: